| 000 -LEADER |
| fixed length control field |
00705nam a2200193 a 4500 |
| 020 ## - INTERNATIONAL STANDARD BOOK NUMBER |
| ISBN |
3528023023 |
| 040 ## - CATALOGING SOURCE |
| Transcribing agency |
DJBF |
| 082 00 - DEWEY DECIMAL CLASSIFICATION NUMBER |
| Classification number |
574 VIE 1991 C155 Or. |
| 245 00 - TITLE STATEMENT |
| Title |
Biological monitoring : |
| Remainder of title |
signals from the environment / |
| 260 ## - PUBLICATION, DISTRIBUTION, ETC. (IMPRINT) |
| Place of publication |
Braunschweig : |
| Name of publisher |
Vieweg, |
| Year of publication |
c1991. |
| 300 ## - PHYSICAL DESCRIPTION |
| Number of Pages |
318 p. : |
| Other physical details |
ill. ; |
| Dimensions |
24 cm. |
| 500 ## - GENERAL NOTE |
| General note |
"A publication of Deutsches Zentrum für Entwicklungstechnologien- GATE, a division of the Deutsche Gesellschaft für Technische Zusammenarbeit (GTZ) GmbH." |
| 650 #0 - SUBJECT ADDED ENTRY--TOPICAL TERM |
| Topical Term |
Indicators (Biology) |
| 650 #0 - SUBJECT ADDED ENTRY--TOPICAL TERM |
| Topical Term |
Biological monitoring. |
| 650 #0 - SUBJECT ADDED ENTRY--TOPICAL TERM |
| Topical Term |
Environmental auditing. |
| 700 1# - ADDED ENTRY--PERSONAL NAME |
| Personal name |
Ellenberg, Hermann. |
| 710 2# - ADDED ENTRY--CORPORATE NAME |
| Corporate name or jurisdiction name as entry element |
German Appropriate Technology Exchange. |
| 942 ## - ADDED ENTRY ELEMENTS (KOHA) |
| Koha item type |
ADB |
| 952 ## - LOCATION AND ITEM INFORMATION (KOHA) |
| Withdrawn status [LOCAL, KOHA] |
0 |